Score 0/81 Timer 05:00
1 Play Today
Clue 'B' Word % Correct
The Big ____ Theory
(TV series)
Bang
80.9%
_____ Eyed Peas
('Where is the Love' band)
Black
79%
___ Jovi
('Living on a Prayer' band)
Bon
78.4%
______ and Clyde
(Beatty/Dunaway movie)
Bonnie
77.7%
Genie In A ______
(Christine Aguilera song)
Bottle
77.5%
Another One _____ The Dust
(Queen song)
Bites
77.1%
Wake Me Up ______ You Go-Go
(Wham song)
Before
76.9%
_____ the Vampire Slayer
(TV series / Movie)
Buffy
76.7%
I _______ I Can Fly
(R Kelly song)
Believe
76.2%
Prison _____
(TV series)
Break
76.2%
The Empire Strikes ____
(Star Wars episode)
Back
74.1%
____ In The U.S.A.
(Springsteen song / album)
Born
73.8%
The _______
(John, Paul, George & Ringo)
Beatles
72.9%
New Kids On The _____
(80s boy band)
Block
72.6%
Beauty And The _____
(Movie / Song / Fable)
Beast
72.3%
_____ Jean
(Michael Jackson song)
Billie
70.9%
The Fresh Prince of ___-___
(TV series)
Bel-Air
70.9%
__________ Galactica
(Sci-Fi TV series)
Battlestar
70.8%
The Jungle ____
(Kipling book, Disney movie)
Book
70.8%
Boulevard Of ______ Dreams
(Green Day song)
Broken
69.3%
_______ Spears
('Womanizer' singer)
Britney
69.2%
Every ______ You Take
(Police song)
Breath
68.6%
Don't Stop ____________
(Journey song)
Believin'
68.6%
_________ At Tiffany's
(Movie / Book / Song)
Breakfast
68.4%
Hit Me With Your ____ Shot
(Pat Benatar song)
Best
68.4%
The Star Spangled ______
(US anthem)
Banner
67.4%
We ______ Together
(Mariah Carey song)
Belong
67.2%
Clue 'B' Word % Correct
Ice Ice ____
(Vanilla Ice song)
Baby
67.1%
___ Gees
('Stayin' Alive' band)
Bee
66.6%
Justin ______
('Baby' singer )
Bieber
66.4%
________ Rhapsody
(Queen song)
Bohemian
65.9%
____ Nye, the Science Guy
(TV series)
Bill
65.7%
___ Romance
(Lady Gaga song)
Bad
65.4%
They Might __ Giants
(Band / Movie)
Be
65.4%
Pinky and the _____
(TV cartoon series)
Brain
65.1%
_____ Cassidy and The Sundance Kid
(Paul Newman movie)
Butch
63.9%
____: Pig in the City
(Children's movie)
Babe
63.9%
The _______ Hillbillies
(60s sitcom )
Beverly
63%
Hootie & The ________
('Let Her Cry' band)
Blowfish
62.8%
Wind _______ My Wings
(Bette Midler song)
Beneath
62.5%
______ and Butt-Head
(MTV cartoon)
Beavis
62.1%
North __ Northwest
(Hitchcock movie)
By
61.4%
For Whom the ____ Tolls
(Book / Movie / Song)
Bell
60.8%
_____ Runner
(Sci-fi movie)
Blade
60.4%
Leave It to ______
(TV series)
Beaver
60%
Raging ____
(Robert De Niro movie)
Bull
60%
Ludwig van _________
(German classical composer, 'Ode to Joy')
Beethoven
59.6%
The Notorious _._._.
('Mo Money No Problems' rapper)
BIG
59.4%
Another _____ In The Wall
(Pink Floyd song)
Brick
59.1%
_____ Instinct
(Stone/Douglas movie)
Basic
58.9%
____ A Move
(Young MC song)
Bust
58.9%
Invasion of the ____ Snatchers
(Horror movie)
Body
58.7%
Ferris _______'s Day Off
(John Hughes movie)
Bueller
58.5%
The Bad News _____
(Sports movie)
Bears
56.6%
Clue 'B' Word % Correct
______ Legal
(TV drama series)
Boston
55.3%
Sunday, ______ Sunday
(Movie / U2 song)
Bloody
55%
_____ John Malkovich
(Movie)
Being
54.7%
_______ Saddles
(Mel Brooks movie)
Blazing
54.2%
We _____ This City
(Starship song)
Built
53.2%
The Red _____ of Courage
(Book / Movie)
Badge
53%
Lock, Stock and Two Smoking _______
(Movie)
Barrels
50.6%
The ______ on the River Kwai
(David Lean movie)
Bridge
48.2%
Pet Shop ____
('West End Girls' band)
Boys
47.9%
Murphy _____
(TV sitcom)
Brown
46.8%
Seven ______ for Seven Brothers
(Movie / Musical)
Brides
46.6%
Ace Of ____
(Swedish pop band, 'The Sign')
Base
46.3%
Hill Street _____
(TV cop series)
Blues
46.2%
_________ Ladies
('One Week' pop band)
Barenaked
45.1%
_____ Davis Eyes
(Kim Carnes song)
Bette
44.5%
Grosse Pointe _____
(John Cusack movie)
Blank
41%
_____: Cultural Learnings of America
for Make Benefit Glorious Nation of Kazakhstan
(Movie)
Borat
38.2%
She _______ Me With Science
(Thomas Dolby song)
Blinded
36%
Mutiny on the ______
(Gable, Brando or Gibson movie)
Bounty
35.9%
________ Love
(Leona Lewis song)
Bleeding
35.7%
Madame ________
(Puccini opera set in Japan)
Butterfly
35.2%
Bob Seger & the Silver _____ Band
(Band name)
Bullet
34.6%
Raspberry _____
(Prince song)
Beret
33.6%
_______ 5
(Sci-Fi TV series)
Babylon
24.6%
Bell ___ DeVoe
('Poison', 'Do Me' band)
Biv
21.8%
Cry, the _______ Country
(Book / Movie)
Beloved
21.6%
Harvey _______, Attorney at Law
(Adult Swim cartoon)
Birdman
18.2%

You're not logged in!

Compare scores with friends on all Sporcle quizzes.
OR
Log In

Sporcle TV

Today on Sporcle TV


Watch our educational content, quiz creation guides, and fun videos on Sporcle TV.

Show Comments

Extras

Top Quizzes Today


Score Distribution

Paid Content

Your Account Isn't Verified!

In order to create a playlist on Sporcle, you need to verify the email address you used during registration. Go to your Sporcle Settings to finish the process.

Report this User

Report this user for behavior that violates our Community Guidelines.

Details: